Fundamentals of financial management /

Kaydedildi:
Detaylı Bibliyografya
Yazar: Horne, James C. Van
Materyal Türü: Sách giấy
Dil:English
Baskı/Yayın Bilgisi: New York : Prentice-Hall ,
Etiketler: Etiketle
Etiket eklenmemiş, İlk siz ekleyin!
Thư viện lưu trữ: Thư viện Trường Đại học Đà Lạt
LEADER 00558nam a2200241 4500
001 DLU020016891
005 ##1/2/2001
020 # # |a 978- 
041 # # |a eng 
082 # # |a 658.15  |b HO-J 
100 # # |a Horne, James C. Van 
245 # # |a Fundamentals of financial management /  |c James C. Van Horne 
260 # # |a New York :  |b Prentice-Hall ,  |c 0 
300 # # |a 732 tr.;   |c 24 cm. 
992 # # |a 0 
994 # # |a DLU 
900 # # |a False 
911 # # |a Administrator 
925 # # |a G 
926 # # |a A 
927 # # |a SH 
980 # # |a Thư viện Trường Đại học Đà Lạt